| 000 | 00304 a2200121 4500 | ||
|---|---|---|---|
| 001 | 36104 | ||
| 082 | _a621.3692 JON | ||
| 090 |
_c23529 _d23529 |
||
| 100 | _aJones, James B. | ||
| 245 |
_aEngineering Thermodynamics _cJames B Jones |
||
| 260 | _bJohn Wiley & Sons | ||
| 500 | _aBE textbook Aerospace | ||
| 942 |
_aNUST-CAE _k621.3692 JON |
||
| 999 |
_c271177 _d271177 |
||